Quizzes
Events
Quiz Creation
Community
Videos
Private Events
Remove Ads
Sign In
Join for FREE
Feedback
Dark Mode
Quiz Categories
Sports
Geography
Music
Movies
Television
Just For Fun
Miscellaneous
History
Literature
Language
Science
Gaming
Entertainment
Religion
Holiday
For Kids
Quiz Lab
Recent
Popular Today
Quiz Kudos Today
Editor Picks
Curator Picks
Quizzes by...
Day
Popularity
Type
Ratings
Length
Year
Community
Subscriptions
Recent Discussions
Orange Saloon
Badges
Playlists
Quests
Create
Leaderboards
Showdown
Live 5
Trivia Bingo
Activity
Puzzle Library
Sporcle Events
Private Events
Virtual Trivia
Globe League
Become a Host
Pub Owners
SporcleCon
Opinionation
Our Games
Videos
Blog
Mobile Apps
Partnerships
Remove Ads and Go Orange
Feedback
Sports
Athletes
MLB
NBA
NHL
NFL
Soccer
Sports Teams
WWE
NCAA
Football
Premier League
Basketball
Baseball
Hockey
Golf
Tennis
Cricket
Rugby
Auto Racing
Olympics
World Cup
Sports
Athletes
MLB
NBA
NHL
NFL
Soccer
Sports Teams
WWE
NCAA
Football
Premier League
Basketball
Baseball
Hockey
Golf
Tennis
Cricket
Rugby
Auto Racing
Olympics
World Cup
Random Quiz
Search Sporcle
×
Quiz Lab
Quiz Lab
Sports
Play
Type in answers that appear in a list
Type in answers that appear in a list
Classic
Best Score? Go Orange.
NFL Post-Season Leaders Stats
Can you name the career leaders in each category for post-season play?
By
kraffcook
10m
59 Questions
584 Plays
584 Plays
584 Plays
Comments
Comments
Give Quiz Kudos
Give Quiz Kudos
-
- Ratings
hide this ad
Replay
Link that replays current quiz
Next Quiz
Link to next quiz in quiz playlist
You Got
0%
They Got
Avg Score
41%
Avg Friend Score
Upgrade to see
Score Distribution
Jump to the score distribution portion of the page
Score
0/59
Timer
10:00
0
Plays Today
Category
Player
% Correct
Passing Yards
Peyton Manning
93.7%
Passing Yards
Joe Montana
92.1%
Passing Yards
Tom Brady
90.9%
Rushing Yards
Emmitt Smith
89.9%
Sacks
Bruce Smith
89.9%
Receiving Yards
Jerry Rice
89.4%
Passing Yards
Brett Favre
89.2%
Sacks
Charles Mann
86%
Passing Yards
John Elway
78.4%
Passing Yards
Dan Marino
78.4%
Passing Yards
Terry Bradshaw
75.5%
Passing Yards
Troy Aikman
74.3%
Sacks
Reggie White
71.4%
Rushing Yards
Franco Harris
68.2%
Field Goals
Gary Anderson
63.7%
Interceptions
Willie Brown
62.3%
Passing Yards
Kurt Warner
61.6%
Interceptions
Rodney Harrison
59.8%
Field Goals
Norm Johnson
59.8%
Passing Yards
Jim Kelly
59.6%
Interceptions
Ed Reed
58.6%
Receiving Yards
Andre Reed
58.4%
Rushing Yards
Thurman Thomas
58.2%
Receiving Yards
Michael Irvin
56.8%
Rushing Yards
Terrell Davis
54.8%
Field Goals
Adam Vinatieri
54.3%
Rushing Yards
Edgerrin James
45.9%
Rushing Yards
Marcus Allen
45.4%
Receiving Yards
Reggie Wayne
42.8%
Rushing Yards
John Riggins
34.6%
Category
Player
% Correct
Rushing Yards
Larry Csonka
28.1%
Receiving Yards
Art Monk
28.1%
Interceptions
Bill Simpson
26.7%
Rushing Yards
Tony Dorsett
26.5%
Receiving Yards
Hines Ward
26.2%
Interceptions
Ronnie Lott
24.7%
Receiving Yards
Cliff Branch
22.9%
Field Goals
David Akers
22.3%
Interceptions
Asante Samuel
20.2%
Sacks
Charles Haley
18.3%
Field Goals
Matt Stover
16.4%
Sacks
Richard Dent
15.4%
Interceptions
Lester Hayes
11.3%
Field Goals
George Blanda
10.8%
Receiving Yards
Fred Biletnikoff
10.6%
Receiving Yards
Drew Pearson
10.6%
Sacks
Willie McGinest
8.2%
Rushing Yards
Chuck Foreman
7.4%
Field Goals
Steve Christie
7%
Field Goals
Matt Bahr
6.7%
Field Goals
John Kasay
6.5%
Sacks
L.C. Greenwood
5.8%
Receiving Yards
Paul Warfield
5.3%
Interceptions
Charlie Waters
4.1%
Sacks
Carl Eller
3.9%
Sacks
Cedrick Hardman
2.6%
Interceptions
Dennis Thurman
1.5%
Sacks
Trace Armstong
1%
Field Goals
Toni Fritsch
0.9%
Quiz Playlist
Details
Report
Send in Message
Add To Playlist
Classic:
Type in answers that appear in a list
Quiz Source
Last Updated: Feb 16, 2017
Quiz Scoreboard
CHALLENGE
Sign Up to Join the Scoreboard
Show All
Scores
Hide
Comments
May contain spoilers
Recently Published
9x9 Crossword: Cartoon Network
by jackfrog10
Miscellaneous
3m
College Basketball Coaching Resumes
by pancakes188
Sports
9m
Billboard Blitz: Fleetwood Mac
by CooCooCachoo
Music
15s
More to Explore
Quiz From the Vault
Featured Blog Post
Where Did the Easter Bunny Come From?
hide this ad
You Might Also Like...
Tags
NFL Quiz
Play Quiz
Career
Category
Player
postseason
stat
Today's Top Quizzes in Sports
Browse Sports
hide this ad
Today's Top Quizzes in Play
Browse Play
Top Contributed Quizzes in Sports
1
2022 World Cup Stars
2
Les meilleurs buteurs des matchs entre le PSG et l’OM
3
FIFA Club World Cup Champions
4
Les entraîneurs de l'OM et du PSG au 21e siècle
5
Criteria MLB: Left Handed Sluggers
6
2023 MLB Unique Player Accomplishments
7
AFC Teams Reveal (Wrong Answers Minefield)
8
Players with Multiple 50 Home Run Seasons
9
5-to-1: FBS Animal Nicknames
10
5-to-1: UK Sports Teams
Explore More
Trending Topics
Marvel
Disney
Anime
Harry Potter
Kpop
Crossword
NBA
Pokémon
Puzzle
NFL
Soccer
Song
The Office
WWE
Country
hide this ad
More By:
kraffcook
Quiz
Plays
Rating
Category
Featured
Created
NFL Rookie Quarterbacks
138,171
4.39
Sports
Oct 5, 2010
Before and After: US Sports
114,860
3.75
Sports
Dec 8, 2009
NFL Receiving TDs (2009)
114,142
4.13
Sports
Jan 14, 2010
NFL 2000s All-Decade Team
19,771
3.76
Sports
Nov 19, 2009
2000s NFL Leaders
14,699
4.17
Sports
Mar 12, 2010
Go to Creator's Profile
Score Distribution
Quiz Creator Spotlight
kraffcook
Follow
Send a Message
Quizzes Created
-
Created Quiz Play Count
-
More By This Creator
Popular Quizzes Today
1
Find the US States - No Outlines Minefield
2
Find the Countries of Europe - No Outlines Minefield
3
The Countries of the World
4
Find the US States
5
Risky Map Clicking: Biggest States A-Z
6
US States
7
Popular People in 1961
8
Movies - When Are They Set?
More Sports Quizzes
Last XI: Tuchel - Borussia Dortmund
Quiz Lab
Trending Quizzes
Risky Map Clicking: Least Populous States A-Z
1-10 Letter G Words
Risky Map Clicking: Next State Alphabetically
Adjectives in 80s TV Shows
Risky Map Clicking: Biggest States A-Z
Recently Updated
Leaping Animals
pecheneg
Reality TV Shows (A-Z)
bhenderson79
Rickey Henderson's Hall of Fame Teammates
pecheneg
Champions League XIs: Arsenal
pecheneg
Quick Pick: Celebrities in WWE's Hall of Fame
aduchscher
A-Z Keypad Blitz II
pecheneg
Multiple Oscar Actors
pecheneg
Mystery Phrase Blitz: Oscar 'Best Actors'
pecheneg
F. Scott Fitzgerald Novels
LTH
Pick 3 Villains
ddd62291
Trending Topics
Harry Potter
NBA
Marvel
Disney
Kpop
Anime
Crossword
Pokémon
WWE
Puzzle
NFL
Country
The Office
Soccer
Song
Your Account Isn't Verified!
In order to create a playlist on Sporcle, you need to verify the email address you used during registration. Go to your
Sporcle Settings
to finish the process.
Report this User
Report this user for behavior that violates our
Community Guidelines
.
Details:
Send Report
Go to the Sporcle.com Mobile Site →
Comments